<?xml version="1.0" encoding="UTF-8"?>
<record
    xmlns:xsi="http://www.w3.org/2001/XMLSchema-instance"
    xsi:schemaLocation="http://www.loc.gov/MARC21/slim http://www.loc.gov/standards/marcxml/schema/MARC21slim.xsd"
    xmlns="http://www.loc.gov/MARC21/slim">

  <leader>00513nam a2200181Ia 4500</leader>
  <datafield tag="952" ind1=" " ind2=" ">
    <subfield code="0">0</subfield>
    <subfield code="1">0</subfield>
    <subfield code="2">ddc</subfield>
    <subfield code="4">0</subfield>
    <subfield code="7">0</subfield>
    <subfield code="8">PHYSICS</subfield>
    <subfield code="a">MES</subfield>
    <subfield code="b">MES</subfield>
    <subfield code="c">PHY</subfield>
    <subfield code="d">2019-02-20</subfield>
    <subfield code="g">140.00</subfield>
    <subfield code="l">4</subfield>
    <subfield code="m">7</subfield>
    <subfield code="o">530.13 GUP/E</subfield>
    <subfield code="p">28638</subfield>
    <subfield code="r">2020-11-04 00:00:00</subfield>
    <subfield code="s">2020-11-04</subfield>
    <subfield code="t">1</subfield>
    <subfield code="w">2019-02-20</subfield>
    <subfield code="y">BK</subfield>
    <subfield code="z">G11R4</subfield>
  </datafield>
  <datafield tag="952" ind1=" " ind2=" ">
    <subfield code="0">0</subfield>
    <subfield code="1">0</subfield>
    <subfield code="2">ddc</subfield>
    <subfield code="4">0</subfield>
    <subfield code="7">0</subfield>
    <subfield code="8">PHYSICS</subfield>
    <subfield code="a">MES</subfield>
    <subfield code="b">MES</subfield>
    <subfield code="c">PHY</subfield>
    <subfield code="d">2019-02-20</subfield>
    <subfield code="g">140.00</subfield>
    <subfield code="l">2</subfield>
    <subfield code="m">5</subfield>
    <subfield code="o">530.13 GUP/E</subfield>
    <subfield code="p">28639</subfield>
    <subfield code="r">2020-12-18 00:00:00</subfield>
    <subfield code="s">2020-08-05</subfield>
    <subfield code="t">2</subfield>
    <subfield code="w">2019-02-20</subfield>
    <subfield code="y">BK</subfield>
    <subfield code="z">G11R4</subfield>
  </datafield>
  <datafield tag="999" ind1=" " ind2=" ">
    <subfield code="c">33870</subfield>
    <subfield code="d">33870</subfield>
  </datafield>
  <controlfield tag="003">OSt</controlfield>
  <controlfield tag="005">20201109133143.0</controlfield>
  <controlfield tag="008">190216s9999||||xx |||||||||||||| ||und||</controlfield>
  <datafield tag="040" ind1=" " ind2=" ">
    <subfield code="c">oclc</subfield>
  </datafield>
  <datafield tag="082" ind1=" " ind2=" ">
    <subfield code="a">530.13</subfield>
    <subfield code="b">GUP/E</subfield>
  </datafield>
  <datafield tag="100" ind1=" " ind2=" ">
    <subfield code="a">Gupta, S L</subfield>
    <subfield code="9">1031</subfield>
  </datafield>
  <datafield tag="245" ind1=" " ind2="0">
    <subfield code="a">Elementary Statistical Mechanics /</subfield>
    <subfield code="c">S L Gupta ; V Kumar</subfield>
  </datafield>
  <datafield tag="250" ind1=" " ind2=" ">
    <subfield code="a">20th Ed.</subfield>
  </datafield>
  <datafield tag="260" ind1=" " ind2=" ">
    <subfield code="b">Pragathi  Prakashan,</subfield>
    <subfield code="c">2005.</subfield>
    <subfield code="a">Meerut:</subfield>
  </datafield>
  <datafield tag="300" ind1=" " ind2=" ">
    <subfield code="a">336p</subfield>
  </datafield>
  <datafield tag="650" ind1=" " ind2=" ">
    <subfield code="a">Physics</subfield>
  </datafield>
  <datafield tag="942" ind1=" " ind2=" ">
    <subfield code="c">BK</subfield>
    <subfield code="2">ddc</subfield>
    <subfield code="h">530.13</subfield>
    <subfield code="i">GUP/E</subfield>
    <subfield code="k">530.13</subfield>
    <subfield code="m">GUP/E</subfield>
  </datafield>
</record>
